000 00642nam a22002052 4500
001 0000008707
005 20151217145844.0
008 080515s xx 000 0 eng d
020 _a0826456952 :
_cKES 665
040 _aKABU
_cKABU
100 1 _aTaylor, Peter.
_@0000159396
245 1 0 _aHow to design a training course :
_ba guide to participatory curriculum development /
_cPeter Taylor.
260 _aLondon :
_bContinuum,
_c2006.
300 _avi, 170 p.
650 0 _aCurriculum planning.
_@0000153667
650 0 _aTraining.
_@0000039134
908 _a080515
950 _@1
999 _c3333
_d3333